LEADER 01189nam--2200385---4500 001 990000907760203316 005 20091022172058.0 010 $a0471-93643-X 035 $a0090776 035 $aUSA010090776 035 $a(ALEPH)000090776USA01 035 $a0090776 100 $a20020128d1992----km-y0ENGy0103----ba 101 $aeng 102 $aGB 200 1 $aEC insurence law$fby Nicholas Paul, Richard Croly 210 $aLondon$cChancery law publishing$d1992 215 $aXII, 322 p.$d25 cm 225 2 $aEuropean practice library 410 $12001$aEuropean practice library 606 $aAssicurazioni$xDiritto$xComunità Economica Europea 676 $a346.4086 700 1$aPAUL,$bNicholas$0420241 701 1$aCROLY,$bRichard$0278469 801 0$aIT$bsalbc$gISBD 912 $a990000907760203316 951 $aXXIII.4.K. 323 (IG VIII 12 736 C)$b1926 G$cXXIII.4.K. 323 (IG VIII)$d00246038 959 $aBK 969 $aGIU 979 $aPATTY$b90$c20020128$lUSA01$h1035 979 $c20020403$lUSA01$h1734 979 $aPATRY$b90$c20040406$lUSA01$h1702 979 $aRSIAV5$b90$c20091022$lUSA01$h1720 996 $aEC insurence law$9970530 997 $aUNISA LEADER 01374nam 2200385z- 450 001 9910694340503321 005 20070822095629.0 035 $a(CKB)5860000000035112 035 $a(BIP)017102648 035 $a(EXLCZ)995860000000035112 100 $a20220406c2007uuuu -u- - 101 0 $aeng 200 10$aTo examine tax fraud committed by prison inmates $ehearing before the Subcommittee on Oversight of the Committee on Ways and Means, U.S. House of Representatives, One Hundred Ninth Congress, first session, June 29, 2005 215 $a1 online resource (iii, 66 p.) 311 $a0-16-079101-4 517 $aTo examine tax fraud committed by prison inmates 606 $aTax evasion$zUnited States 606 $aTax returns$xCorrupt practices$zUnited States 606 $aPrisoners$zUnited States 606 $aTax administration and procedure$zUnited States 610 $aTax evasion 610 $aTax returns 610 $aPrisoners 610 $aTax administration and procedure 610 $aLaw 610 $aBusiness & economics 610 $aSocial science 615 0$aTax evasion 615 0$aTax returns$xCorrupt practices 615 0$aPrisoners 615 0$aTax administration and procedure 906 $aBOOK 912 $a9910694340503321 996 $aTo examine tax fraud committed by prison inmates$93133419 997 $aUNINA